Engineering fundamentals : An introduction to engineering

Kaydedildi:
Detaylı Bibliyografya
Yazar:  Moaveni, Saeed
Materyal Türü: Sách
Dil:Undetermined
Baskı/Yayın Bilgisi:  Cengage Learning  2016
Konular:
Etiketler: Etiketle
Etiket eklenmemiş, İlk siz ekleyin!
Thư viện lưu trữ: Trung tâm Thư viện - Trường Đại học Công nghiệp TP. Hồ Chí Minh
LEADER 00493nam a2200157Ia 4500
001 UIH_02683
008 231011s9999 xx 000 0 und d
082 |a  620 
100 |a  Moaveni, Saeed 
245 0 |a  Engineering fundamentals : An introduction to engineering 
245 0 |c  Moaveni, Saeed 
260 |b  Cengage Learning 
260 |c  2016 
650 |a  Kỹ thuật;  
927 |a Sách 
980 |a Trung tâm Thư viện - Trường Đại học Công nghiệp TP. Hồ Chí Minh